Soul on Ice / Eldridge Cleaver

Compilación de memorias y ensayos del activista político Eldridge Cleaver, quien estuvo preso en la estatal de Folsom, y en donde escribió la mayoría de sus obras, lo que originaría que fuera reconocido como uno de los escritores afroamericanos más influyentes, la mayoría de sus relatos narran sobre...

תיאור מלא

שמור ב:
מידע ביבליוגרפי
מחבר ראשי: Cleaver, Eldridge
פורמט: ספר
שפה:Undetermined
יצא לאור: New York, Estados Unidos Delta 1968
נושאים:
תגים: הוספת תג
אין תגיות, היה/י הראשונ/ה לתייג את הרשומה!

MARC

LEADER 00000nam a2200000Ia 4500
008 170316s9999 xx 000 0 und d
040 |a cru BVZT 
090 |a 810 C-12s 
100 |a Cleaver, Eldridge 
245 |a Soul on Ice / Eldridge Cleaver 
260 |a New York, Estados Unidos  |b Delta  |c 1968 
300 |a 210 páginas 
520 |a Compilación de memorias y ensayos del activista político Eldridge Cleaver, quien estuvo preso en la estatal de Folsom, y en donde escribió la mayoría de sus obras, lo que originaría que fuera reconocido como uno de los escritores afroamericanos más influyentes, la mayoría de sus relatos narran sobre el crimen, el racismo, la política, así como su experiencia de vida. Soul on Ice se divide en cuatro partes, cartas desde la prisión, sangre de la bestia, preludio del amor y mujer blanca, hombre negro. 
650 |a LITERATURA ESTADOUNIDENSE  |9 25 
650 |a ENSAYOS  |9 146 
650 |a MEMORIAS 
650 |a EN IDIOMA INGLÉS  |9 129 
999 |c 5476  |d 5476 
942 |c 15 D  |h 810 C-12s  |2 z